000 00900nam a2200361Ia 4500
005 20260514124339.0
008 008 261405s9999 xx 000 0 eng d
037 _aThesis
040 _aCRL
040 _beng
040 _cCRL
041 _2eng
041 _aeng
084 _qCRL
100 _aDr.Imsensenba
_91239473
245 0 _aStudy of Nasopharyngeal Carriage of Neisseria Meningitidis in a Tertiary Healthecare Setup.
260 _aDelhi
260 _bUniversity of Delhi
260 _c2016
300 _a78p.
502 _bPh.D.
502 _cUniversity of Delhi
502 _d2016
541 _oThesis
650 _aMicrobiology
700 _aDr.Atul Murari
_91239474
700 _aDr.Ravinder
_91239475
700 _aDr.Renu Dutta,
_91239476
700 _aDr.S.Aneja,
_91239477
710 _aMicrobiology
942 _cTH
999 _c1851705
_d1851705